MARC

LEADER 00000nam0a2200000 4500
001 267290
005 20231101234054.0
020 |a RU  |b 87-10702 
035 |a (RuTPU)RU\TPU\book\290346 
090 |a 267290 
100 |a 20140725d1987 k y0rusy5003 ca 
101 0 |a rus 
102 |a RU 
105 |a a z 001zy 
200 1 |a Геология и металлогения фундамента Русской платформы  |f В. К. Чайковский  |g Академия наук СССР (АН СССР), Институт литосферы (ИЛ) ; отв. ред. В. П. Рахманов 
210 |a Москва  |c Наука  |d 1987 
215 |a 157 с.  |c ил.  |d 24 см 
320 |a Библиогр.: с. 152-156 (150 назв.). 
606 1 |a Геология  |y Европейская часть СССР  |2 stltpush  |3 (RuTPU)RU\TPU\subj\6115  |9 34074 
606 1 |a Металлогения  |2 stltpush  |3 (RuTPU)RU\TPU\subj\42411  |9 62078 
610 1 |a Русская платформа 
610 1 |a рудоносность 
610 1 |a катархей 
610 1 |a архей 
610 1 |a нижний протерозой 
610 1 |a геологические процессы 
610 1 |a металлогенические процессы 
610 1 |a рудные процессы 
610 1 |a рудная минерализация 
675 |a 55(47)  |z rus  |v 3 
675 |a 553.078  |z rus  |v 3 
700 1 |a Чайковский  |b В. К.  |g Василий Константинович  |4 070 
702 1 |a Рахманов  |b В. П.  |4 340 
712 0 2 |a Академия наук СССР (АН СССР)  |b Институт литосферы (ИЛ)  |c (Москва)  |c (1979-1991)  |2 stltpush  |3 (RuTPU)RU\TPU\col\14625 
801 0 |a RU  |b RuMRKP  |c 19950417  |g psbo 
801 1 |a RU  |b 63413507  |c 20140725 
801 2 |a RU  |b 63413507  |c 20151111  |g RCR 
942 |c BK